| 000 | 00506cam a2200193 4500 | ||
|---|---|---|---|
| 001 | D2469 | ||
| 008 | 090401t1983 xxu||||| |||| 00| 0 eng d | ||
| 035 | _a(Sirsi) u69214 | ||
| 041 | _aeng | ||
| 050 | _a346.410435 | ||
| 100 | _aClayden, P. | ||
| 245 | _aRights of way: a guide to law and practice | ||
| 260 |
_aHenley-on-Thames, Oxon _bCommons / Open Spaces and Footpaths Pres _c1983 |
||
| 300 | _aviii. 359p. 21cm | ||
| 350 | _a4 | ||
| 700 | _aTrevelyan, John | ||
| 942 | _n0 | ||
| 948 | _c04/03/1997 | ||
| 999 |
_c95166 _d95166 |
||